000 00417nam a2200145Ia 4500
008 230917s9999||||xx |||||||||||||| ||und||
040 _e28694
_aMAIN
041 _aEnglish
082 _a338.1095492 C459R
100 _aChowdhury, Abdul Mannan
245 0 _aRural landlessness and institutional reofrms: The case of Bangladesh Agriculture
260 _aJaipur
_bRawat
_c1998
300 _aLand reform p.
942 _cBK
999 _c91370
_d91370